<?xml version="1.0" encoding="UTF-8"?>
<record
    xmlns:xsi="http://www.w3.org/2001/XMLSchema-instance"
    xsi:schemaLocation="http://www.loc.gov/MARC21/slim http://www.loc.gov/standards/marcxml/schema/MARC21slim.xsd"
    xmlns="http://www.loc.gov/MARC21/slim">

  <leader>03030nam a2200577Ia 4500</leader>
  <controlfield tag="001">73</controlfield>
  <controlfield tag="008">241029s9999    xx            000 0 und d</controlfield>
  <datafield tag="010" ind1=" " ind2=" ">
    <subfield code="a">62</subfield>
  </datafield>
  <datafield tag="041" ind1=" " ind2=" ">
    <subfield code="a">Espa&#xF1;ol</subfield>
  </datafield>
  <datafield tag="082" ind1=" " ind2=" ">
    <subfield code="a">TMLA12-0013BFEMEEj.1</subfield>
  </datafield>
  <datafield tag="245" ind1=" " ind2="0">
    <subfield code="a">Comprensi&#xF3;n lectora en los alumnos y alumnas de 8vo. Grado en la Escuela B&#xE1;sica Do&#xF1;a Chucha, Provincia San Crist&#xF3;bal. Rep&#xFA;blica Dominicana. Per&#xED;odo 2011-2012.</subfield>
  </datafield>
  <datafield tag="260" ind1=" " ind2=" ">
    <subfield code="a">Santo Domingo</subfield>
  </datafield>
  <datafield tag="300" ind1=" " ind2=" ">
    <subfield code="a">56</subfield>
  </datafield>
  <datafield tag="520" ind1=" " ind2=" ">
    <subfield code="a">30</subfield>
  </datafield>
  <datafield tag="630" ind1=" " ind2=" ">
    <subfield code="a">Aprendizaje</subfield>
  </datafield>
  <datafield tag="630" ind1=" " ind2=" ">
    <subfield code="a">Competencia Ling&#xFC;&#xED;stica</subfield>
  </datafield>
  <datafield tag="630" ind1=" " ind2=" ">
    <subfield code="a">Competencias</subfield>
  </datafield>
  <datafield tag="630" ind1=" " ind2=" ">
    <subfield code="a">Docentes</subfield>
  </datafield>
  <datafield tag="630" ind1=" " ind2=" ">
    <subfield code="a">Educaci&#xF3;n</subfield>
  </datafield>
  <datafield tag="650" ind1=" " ind2=" ">
    <subfield code="a">Lengua Espa&#xF1;ola</subfield>
  </datafield>
  <datafield tag="690" ind1=" " ind2=" ">
    <subfield code="a">Copiado sin cambios</subfield>
  </datafield>
  <datafield tag="700" ind1=" " ind2=" ">
    <subfield code="e">asesor</subfield>
    <subfield code="a">Garcia, Jos&#xE9; Remigio</subfield>
  </datafield>
  <datafield tag="700" ind1=" " ind2=" ">
    <subfield code="e">autor</subfield>
    <subfield code="a">Roa Agramonte, Sandra</subfield>
  </datafield>
  <datafield tag="700" ind1=" " ind2=" ">
    <subfield code="e">autor</subfield>
    <subfield code="a">Brito, Pastora Esperanza </subfield>
  </datafield>
  <datafield tag="901" ind1=" " ind2=" ">
    <subfield code="a">{"1":"Roa Agramonte","2":"Brito"}</subfield>
    <subfield code="b">{"1":"Sandra","2":"Pastora Esperanza "}</subfield>
  </datafield>
  <datafield tag="902" ind1=" " ind2=" ">
    <subfield code="a">1</subfield>
  </datafield>
  <datafield tag="903" ind1=" " ind2=" ">
    <subfield code="a">{"1":"Garcia"}</subfield>
    <subfield code="b">{"1":"Jos&#xE9; Remigio"}</subfield>
  </datafield>
  <datafield tag="904" ind1=" " ind2=" ">
    <subfield code="a">Mag&#xED;ster en</subfield>
  </datafield>
  <datafield tag="905" ind1=" " ind2=" ">
    <subfield code="a">Ling&#xFC;&#xED;stica</subfield>
  </datafield>
  <datafield tag="906" ind1=" " ind2=" ">
    <subfield code="a">1</subfield>
  </datafield>
  <datafield tag="907" ind1=" " ind2=" ">
    <subfield code="a">Concentraci&#xF3;n en</subfield>
  </datafield>
  <datafield tag="908" ind1=" " ind2=" ">
    <subfield code="a">Ense&#xF1;anza de la Lengua Espa&#xF1;ola</subfield>
  </datafield>
  <datafield tag="909" ind1=" " ind2=" ">
    <subfield code="a">ISFODOSU, Recinto F&#xE9;lix Evaristo Mej&#xED;a</subfield>
  </datafield>
  <datafield tag="910" ind1=" " ind2=" ">
    <subfield code="a">NULL</subfield>
    <subfield code="b">NULL</subfield>
  </datafield>
  <datafield tag="911" ind1=" " ind2=" ">
    <subfield code="a">["1"]</subfield>
  </datafield>
  <datafield tag="912" ind1=" " ind2=" ">
    <subfield code="a">NO APLICA</subfield>
  </datafield>
  <datafield tag="913" ind1=" " ind2=" ">
    <subfield code="a">NULL</subfield>
  </datafield>
  <datafield tag="914" ind1=" " ind2=" ">
    <subfield code="a">01 de Octubre de 2012</subfield>
  </datafield>
  <datafield tag="915" ind1=" " ind2=" ">
    <subfield code="a">21/11/19 12:11</subfield>
  </datafield>
  <datafield tag="916" ind1=" " ind2=" ">
    <subfield code="a">NULL</subfield>
  </datafield>
  <datafield tag="917" ind1=" " ind2=" ">
    <subfield code="a">NULL</subfield>
  </datafield>
  <datafield tag="918" ind1=" " ind2=" ">
    <subfield code="a">NO APLICA</subfield>
  </datafield>
  <datafield tag="919" ind1=" " ind2=" ">
    <subfield code="a">["18","37","40","70","72"]</subfield>
  </datafield>
  <datafield tag="520" ind1=" " ind2=" ">
    <subfield code="a">El prop&#xF3;sito principal de este estudio consisti&#xF3; analizar el desarrollo de la comprensi&#xF3;n lectora de los/as alumnos de 8vo. Grado de la Escuela B&#xE1;sica Do&#xF1;a Chucha, de la Provincia de San Crist&#xF3;bal.La poblaci&#xF3;n de este estudio fue de trece (13) maestras y trescientos cuarenta y nueve (349) alumnos y alumnas que cursan el Segundo Ciclo del Nivel B&#xE1;sico de la escuela referida. La muestra tomada fue de setenta y dos (72) estudiantes de ambos sexos y dos (2) maestras. Las t&#xE9;cnicas utilizadas fueron la entrevista, el cuestionario, an&#xE1;lisis documental y gu&#xED;as de observaciones.&#xA0;El estudio concluye, que los alumnos y alumnas de 8vo. Grado de la Escuela B&#xE1;sica Do&#xF1;a Chucha mostraron gran deficiencia en el an&#xE1;lisis interpretativo del contenido de los textos narrativo, expositivos y argumentativos, no lograron desarrollar una comprensi&#xF3;n acabada de los textos le&#xED;dos, ya que fueron incapaces de dar cuenta del modelo de situaci&#xF3;n de los mismos. Esto evidencia la necesidad de dise&#xF1;ar intervenciones precisa para mejorar la comprensi&#xF3;n lectora.El estudio recomienda implementar una propuesta de ense&#xF1;anza adecuada, para erradicar las dificultades de comprensi&#xF3;n lectora de los alumnos. Que la escuela y los/as maestros seleccionen y utilicen textos acordes con las necesidades que poseen los/as alumnos. Y por &#xFA;ltimo, replantear las estrategias metodol&#xF3;gicas que utilizan en la ense&#xF1;anza de la lectura.&#xA0;</subfield>
  </datafield>
  <datafield tag="921" ind1=" " ind2=" ">
    <subfield code="a">16</subfield>
  </datafield>
  <datafield tag="922" ind1=" " ind2=" ">
    <subfield code="a">16</subfield>
  </datafield>
  <datafield tag="923" ind1=" " ind2=" ">
    <subfield code="a">0</subfield>
  </datafield>
  <datafield tag="924" ind1=" " ind2=" ">
    <subfield code="a">NO APLICA</subfield>
  </datafield>
  <datafield tag="942" ind1=" " ind2=" ">
    <subfield code="c">Tesis</subfield>
  </datafield>
  <datafield tag="999" ind1=" " ind2=" ">
    <subfield code="c">62</subfield>
    <subfield code="d">62</subfield>
  </datafield>
</record>
